A textbook of marketing management / (Record no. 19096)

MARC details
000 -LEADER
fixed length control field 00981nam a22002537a 4500
008 - FIXED-LENGTH DATA ELEMENTS--GENERAL INFORMATION
fixed length control field 081125t xxu||||| |||| 00| 0 eng d
010 ## - LCCN (DPL NO)
LC control number ENG-91818
020 ## - INTERNATIONAL STANDARD BOOK NUMBER
International Standard Book Number 9798184242156
Terms of availability 250.00
020 ## - INTERNATIONAL STANDARD BOOK NUMBER
International Standard Book Number 8184242158
Terms of availability 250.00
035 ## - SYSTEM CONTROL NUMBER
System control number EN-75351
037 ## - SOURCE OF ACQUISITION
Source of stock number/acquisition DBAD / PUB
040 ## - CATALOGING SOURCE
Original cataloging agency dpl
Language of cataloging English
082 ## - DEWEY DECIMAL CLASSIFICATION NUMBER
Classification number 658.8
100 ## - MAIN ENTRY--PERSONAL NAME
Personal name Mallik, Pradip Kumar
245 ## - TITLE STATEMENT
Title A textbook of marketing management /
Statement of responsibility, etc by Pradip Kumar Mallik
260 ## - PUBLICATION, DISTRIBUTION, ETC. (IMPRINT)
Place of publication, distribution, etc New Delhi
Name of publisher, distributor, etc Allied Publishers
Date of publication, distribution, etc 2007
270 ## - ADDRESS
Address 1/13-14, Asaf Ali Road,
City New Delhi
Postal code 110002
300 ## - PHYSICAL DESCRIPTION
Extent xi, 228p.
Dimensions 24cm (pbk)
500 ## - GENERAL NOTE
General note Includes glossary and bibliographical references
500 ## - GENERAL NOTE
General note Based on the latest syllabi of BBA, MBA and M.Com.
650 ## - SUBJECT ADDED ENTRY--TOPICAL TERM
Topical term or geographic name as entry element Marketing management
942 ## - ADDED ENTRY ELEMENTS (KOHA)
Source of classification or shelving scheme Dewey Decimal Classification
Item type English Books
Call number suffix MAL
Classification part 658.8
Holdings
Withdrawn status Lost status Source of classification or shelving scheme Damaged status Not for loan Collection code Home library Current library Date acquired Source of acquisition Cost, normal purchase price Total Checkouts Full call number Barcode Date last seen Copy number Cost, replacement price Koha item type
    Dewey Decimal Classification   Not For Loan Non-fiction D.B.Act.Division D.B.Act.Division 25/11/2008 DBAD / PUB 250.00   658.8 MAL EN-75351 25/11/2008 1 250.00 English Books

© Delhi Public Library
Hit Counter
free hit counter